000 00932nam a2200253 a 4500
001 40497
003 BD-RjUL
005 20211209053228.0
008 160503s1975 bg ||||| |||| 00| 0 ben d
020 _cTk. 10.00
035 _a(BD-RjUL)40612
040 _aBD-RjUL
_bben
_cBD-RjUL
041 _aben
082 _223
_a192
_bBUH 1975
100 _aবার্কলি, জর্জ
_9124725
245 1 0 _a হাইলাস ও ফিলোনাসের সংলাপ /
_cজর্জ বার্কলি ; অনুবাদ আবদুল মতীন
260 _aঢাকা :
_bবাংলা একাডেমী,
_c১৯৭৫
300 _a[৮], ১৩৪ পৃ. ;
_c২১ সেমি.
490 _aবা.এ. ;
_v৬৭৯
650 _aআদর্শবাদ
_9124726
650 _aIdealism.
_9124727
700 _aমতীন, আবদুল, অনুবাদক
_9124728
942 _2ddc
_cBK
999 _c40497
_d40497